[Event "Oslo Nordstrand op"]
[Site "Oslo"]
[Date "2013.04.12"]
[Round "1"]
[White "Svanholm, Borge Waaktaar"]
[Black "Valla, Martin"]
[Result "1/2-1/2"]
[WhiteElo "1869"]
[BlackElo "2140"]
[PlyCount "99"]
[EventDate "2013.04.12"]
[EventType "swiss"]
[EventRounds "5"]
[EventCountry "NOR"]
[SourceTitle "CBM 154 Extra"]
[Source "ChessBase"]
[SourceDate "2013.06.25"]
[SourceVersion "2"]
[SourceVersionDate "2013.06.25"]
[SourceQuality "1"]

1. c4 c5 2. Nf3 Nc6 3. d4 cxd4 4. Nxd4 Qb6 5. Nb3 e6 6. Nc3 Nf6 7. e3 Be7 8. Be2 0-0 9. 0-0 Rd8 10. c5 Qc7 11. Bd2 b6 12. cxb6 Qxb6 13. Na4 Qb8 14. Qc2 Nb4 15. Bxb4 Qxb4 16. Nc3 Bb7 17. Rfd1 Rac8 18. Rd4 Qb6 19. Qd1 d5 20. Rc1 Nd7 21. Na4 Rxc1 22. Qxc1 Qd6 23. Rd2 Rc8 24. Rc2 Rxc2 25. Qxc2 g6 26. a3 Bf6 27. h3 Bd8 28. Nd4 a6 29. b4 h5 30. Nc5 Bc7 31. g3 Nxc5 32. bxc5 Qe7 33. h4 e5 34. Nf3 Qf6 35. Qb1 Bc6 36. Qd1 Bb7 37. Ng5 Qc6 38. Qc2 e4 39. Qb3 Bc8 40. Bf1 Qxc5 41. Qa4 Qe7 42. Bxa6 Bd7 43. Bb5 Bf5 44. Qa8+ Kg7 45. Bf1 Qd7 46. Kh2 Qd8 47. Qc6 Qd6 48. Qc3+ Qe5 49. Qxe5+ Bxe5 50. a4 1/2-1/2

[Event "Knut Bockman Cup"]
[Site "Oslo"]
[Date "2009.04.07"]
[Round "2"]
[White "Bentsen, Hakon"]
[Black "Valla, Martin"]
[Result "1/2-1/2"]
[WhiteElo "2159"]
[BlackElo "2050"]
[PlyCount "41"]
[EventDate "2009.04.06"]
[EventType "swiss"]
[EventRounds "9"]
[EventCountry "NOR"]
[SourceTitle "CBM 129 Extra"]
[Source "ChessBase"]
[SourceDate "2009.05.05"]
[SourceVersion "2"]
[SourceVersionDate "2009.05.20"]
[SourceQuality "1"]

1. e4 c6 2. d4 d5 3. Nc3 dxe4 4. Nxe4 Bf5 5. Ng3 Bg6 6. h4 h6 7. Nf3 Nd7 8. h5 Bh7 9. Bd3 Bxd3 10. Qxd3 e6 11. Bd2 Ngf6 12. Ne4 Be7 13. 0-0-0 Nxe4 14. Qxe4 Nf6 15. Qe2 Qd5 16. c4 Qe4 17. Qxe4 Nxe4 18. Be3 0-0 19. Nd2 Nxd2 20. Rxd2 Rfd8 21. Rhd1 1/2-1/2

[Event "Gausdal Classics Elo op"]
[Site "Gausdal"]
[Date "2007.04.21"]
[Round "4"]
[White "Valla, Martin"]
[Black "De Luna Butz, Alberto"]
[Result "1-0"]
[WhiteElo "1807"]
[BlackElo "1872"]
[PlyCount "91"]
[EventDate "2007.04.18"]
[EventType "swiss"]
[EventRounds "9"]
[EventCountry "NOR"]
[SourceTitle "EXT 2008"]
[Source "ChessBase"]
[SourceDate "2007.11.25"]
[SourceVersion "1"]
[SourceVersionDate "2007.11.25"]
[SourceQuality "1"]

1. d4 d5 2. c4 c6 3. Nf3 Nf6 4. Nc3 a6 5. c5 Bf5 6. Bf4 Nbd7 7. e3 h6 8. h3 g5 9. Bh2 Bg7 10. Be2 0-0 11. Qb3 Ra7 12. g4 Bg6 13. Qa3 Ne4 14. b4 Nxc3 15. Qxc3 Be4 16. Rg1 Qe8 17. Nd2 e5 18. 0-0-0 exd4 19. exd4 Qd8 20. Rge1 Bg6 21. f4 f5 22. fxg5 Qxg5 23. gxf5 Rxf5 24. Rg1 Qf6 25. Bd3 Rg5 26. Bxg6 Rxg6 27. Rxg6 Qxg6 28. Rg1 Qf7 29. Nf3 Kh8 30. Qe3 Ra8 31. Ne5 Nxe5 32. Bxe5 Bxe5 33. Qxh6+ Qh7 34. Qxh7+ Kxh7 35. dxe5 Re8 36. Rg5 Re6 37. Kd2 Kh6 38. h4 Re7 39. Ke3 b6 40. Kd4 b5 41. Rf5 Kg7 42. Rf6 Rc7 43. h5 Kh7 44. h6 Rc8 45. Rd6 Kh8 46. e6 1-0

[Event "Oslo ASKO op"]
[Site "Oslo"]
[Date "2006.11.25"]
[Round "3"]
[White "Roholdt, Njaal"]
[Black "Valla, Martin"]
[Result "0-1"]
[WhiteElo "1225"]
[BlackElo "1869"]
[PlyCount "62"]
[EventDate "2006.11.24"]
[EventType "swiss"]
[EventRounds "5"]
[EventCountry "NOR"]
[SourceTitle "EXT 2008"]
[Source "ChessBase"]
[SourceDate "2007.11.25"]
[SourceVersion "1"]
[SourceVersionDate "2007.11.25"]
[SourceQuality "1"]

1. e4 Nf6 2. Nc3 e5 3. Bc4 Nc6 4. a3 Nxe4 5. Bxf7+ Kxf7 6. Nxe4 g6 7. d3 Be7 8. Bh6 d5 9. Qf3+ Kg8 10. Nc3 Nd4 11. Qxd5+ Qxd5 12. Nxd5 Nxc2+ 13. Kd2 Nxa1 14. Nxe7+ Kf7 15. Nxc8 Nb3+ 16. Kc3 Nd4 17. Nxa7 Rxa7 18. Be3 Ra6 19. Nh3 Rc6+ 20. Kb4 Rd8 21. Ng5+ Kg7 22. Bxd4 Rxd4+ 23. Kb3 Rxd3+ 24. Ka2 Rd2 25. Re1 Rcc2 26. h4 h6 27. Nf3 Rxb2+ 28. Ka1 Rxf2 29. Rxe5 Rbe2 30. Rxe2 Rxe2 31. g4 Re3 0-1

[Event "Oslo ASKO op"]
[Site "Oslo"]
[Date "2006.11.24"]
[Round "1"]
[White "Hole, Oystein"]
[Black "Valla, Martin"]
[Result "1-0"]
[WhiteElo "2347"]
[BlackElo "1869"]
[PlyCount "53"]
[EventDate "2006.11.24"]
[EventType "swiss"]
[EventRounds "5"]
[EventCountry "NOR"]
[SourceTitle "EXT 2008"]
[Source "ChessBase"]
[SourceDate "2007.11.25"]
[SourceVersion "1"]
[SourceVersionDate "2007.11.25"]
[SourceQuality "1"]

1. Nf3 d5 2. d4 Nf6 3. c4 dxc4 4. e3 e6 5. Bxc4 c5 6. 0-0 a6 7. a4 Nc6 8. Qe2 cxd4 9. Rd1 Be7 10. exd4 0-0 11. Nc3 Nb4 12. Ne5 Nfd5 13. Bb3 Bd7 14. Bd2 Rc8 15. Rac1 Be8 16. Nxd5 Nxd5 17. Ba5 b6 18. Bd2 a5 19. Rxc8 Qxc8 20. Qe4 Qd8 21. Rc1 Bb4 22. Bxb4 axb4 23. Qe1 Qd6 24. Bxd5 exd5 25. b3 f6 26. Nd3 Bg6 27. Qxb4 1-0

[Event "Politiken Cup 28th"]
[Site "Copenhagen"]
[Date "2006.07.28"]
[Round "7"]
[White "Thingstad, Even"]
[Black "Valla, Martin"]
[Result "0-1"]
[WhiteElo "1861"]
[BlackElo "2034"]
[PlyCount "112"]
[EventDate "2006.07.22"]
[EventType "swiss"]
[EventRounds "9"]
[EventCountry "DEN"]
[SourceTitle "CBM 113 Extra"]
[Source "ChessBase"]
[SourceDate "2006.09.14"]
[SourceVersion "1"]
[SourceVersionDate "2006.09.14"]
[SourceQuality "1"]

1. d4 d5 2. Nf3 Nf6 3. c4 dxc4 4. e3 e6 5. Bxc4 c5 6. 0-0 a6 7. Nc3 b5 8. Bd3 Bb7 9. Qe2 cxd4 10. Nxd4 Nbd7 11. b3 Bb4 12. Bb2 Rc8 13. Rac1 Qa5 14. Ne4 0-0 15. Nxf6+ Nxf6 16. Nc2 Bc3 17. Nd4 Rfd8 18. Rfd1 Bxb2 19. Qxb2 Rxc1 20. Qxc1 Rc8 21. Qb2 Qc7 22. Ne2 Qc6 23. f3 Qb6 24. Nd4 Nd5 25. Qf2 e5 26. Nf5 g6 27. e4 Qxf2+ 28. Kxf2 Nc3 29. Ne7+ Kf8 30. Nxc8 Nxd1+ 31. Ke2 Nc3+ 32. Kd2 Nxa2 33. Nb6 Ke7 34. Bb1 Nb4 35. Kc3 a5 36. Nd5+ Bxd5 37. exd5 Kd6 38. g3 Nxd5+ 39. Kd3 Kc5 40. h3 a4 41. bxa4 bxa4 42. Kc2 Kd4 43. Kb2 f5 44. Ka3 e4 45. fxe4 fxe4 46. Bc2 e3 47. Bd1 Nc3 48. Bf3 e2 49. Bxe2 Nxe2 50. Kxa4 Nxg3 51. Kb4 Ke3 52. Kc3 g5 53. Kc2 h5 54. Kd1 h4 55. Ke1 g4 56. hxg4 h3 0-1

[Event "NOR-chB"]
[Site "Moss"]
[Date "2006.07.08"]
[Round "1"]
[White "Valla, Martin"]
[Black "Tuft, Ole Richard"]
[Result "1-0"]
[WhiteElo "1869"]
[BlackElo "1677"]
[PlyCount "55"]
[EventDate "2006.07.08"]
[EventType "swiss"]
[EventRounds "9"]
[EventCountry "NOR"]
[SourceTitle "EXT 2007"]
[Source "ChessBase"]
[SourceDate "2006.11.23"]
[SourceVersion "1"]
[SourceVersionDate "2006.11.23"]
[SourceQuality "1"]

1. d4 e6 2. c4 Nf6 3. Nc3 Bb4 4. Qc2 d5 5. cxd5 Qxd5 6. e3 0-0 7. Bd2 Qd8 8. Nf3 Nc6 9. Bd3 Re8 10. a3 Bd6 11. Ne4 h6 12. Nxd6 Qxd6 13. Rc1 e5 14. dxe5 Nxe5 15. Nxe5 Rxe5 16. Qxc7 Qd5 17. f3 Be6 18. Bc4 Qd4 19. 0-0 Rxe3 20. Bxe3 Qxe3+ 21. Kh1 Rc8 22. Qxb7 Qf4 23. b3 Nd5 24. Rce1 Rd8 25. Qxa7 Nc7 26. Bxe6 Nxe6 27. Rxe6 fxe6 28. Qe7 1-0

[Event "Gausdal Classics Elo"]
[Site "Gausdal"]
[Date "2005.04.20"]
[Round "8"]
[White "Valla, Martin"]
[Black "Forsaa, Espen"]
[Result "1-0"]
[WhiteElo "2050"]
[BlackElo "2036"]
[PlyCount "77"]
[EventDate "2005.04.13"]
[EventType "swiss"]
[EventRounds "9"]
[EventCountry "NOR"]
[SourceTitle "CBM 105 Extra"]
[Source "ChessBase"]
[SourceDate "2005.05.01"]
[SourceVersion "1"]
[SourceVersionDate "2005.05.01"]
[SourceQuality "1"]

1. d4 f5 2. g3 Nf6 3. Bg2 g6 4. Nf3 Bg7 5. 0-0 0-0 6. c4 d6 7. Nc3 Qe8 8. b3 e5 9. dxe5 dxe5 10. e4 f4 11. Nd5 Nxd5 12. Qxd5+ Kh8 13. Bb2 c6 14. Qd6 Nd7 15. Rad1 Rf6 16. Qc7 Rf7 17. Ng5 Rf8 18. Bh3 Nb6 19. Bxc8 Qxc8 20. Qxc8 Rfxc8 21. c5 h6 22. Nf3 Re8 23. cxb6 axb6 24. a4 g5 25. gxf4 exf4 26. Bxg7+ Kxg7 27. Rd7+ Kg6 28. Re1 g4 29. Nh4+ Kg5 30. Nf5 Re5 31. Rg7+ Kf6 32. Rxb7 Rae8 33. Nxh6 Rg5 34. Rxb6 g3 35. Rxc6+ Kg7 36. Nf5+ Rxf5 37. exf5 gxh2+ 38. Kxh2 Rxe1 39. Kg2 1-0

[Event "Gausdal Classics Elo"]
[Site "Gausdal"]
[Date "2005.04.15"]
[Round "3"]
[White "Standal, Bard"]
[Black "Valla, Martin"]
[Result "0-1"]
[WhiteElo "1949"]
[BlackElo "2050"]
[PlyCount "94"]
[EventDate "2005.04.13"]
[EventType "swiss"]
[EventRounds "9"]
[EventCountry "NOR"]
[SourceTitle "CBM 105 Extra"]
[Source "ChessBase"]
[SourceDate "2005.05.01"]
[SourceVersion "1"]
[SourceVersionDate "2005.05.01"]
[SourceQuality "1"]

1. e4 c6 2. d3 d5 3. Nd2 g6 4. g3 Bg7 5. Bg2 e5 6. Ngf3 Ne7 7. 0-0 0-0 8. Qe2 d4 9. Re1 c5 10. h3 Nbc6 11. Nf1 Qc7 12. Nh4 Be6 13. Nh2 Rac8 14. f4 f6 15. Rf1 b5 16. f5 Bf7 17. fxg6 hxg6 18. Ng4 Be6 19. Nh6+ Kh7 20. Ng4 c4 21. Bd2 Qd7 22. Nf2 Qd6 23. Ng4 Qd7 24. Nf2 Qd6 25. Ng4 Nb4 26. Bxb4 Qxb4 27. Rab1 cxd3 28. cxd3 Rc7 29. Rbc1 Rxc1 30. Rxc1 Bxa2 31. Rc7 a5 32. Qc2 Be6 33. Nf2 Rc8 34. Rxc8 Bxc8 35. Nf3 Qd6 36. g4 Qc6 37. Qd2 b4 38. g5 Be6 39. gxf6 Bxf6 40. Nxd4 Qd6 41. Nxe6 Qxe6 42. Ng4 Kg7 43. Qf2 Nc8 44. Qc5 Qb6 45. Qxb6 Nxb6 46. b3 a4 47. bxa4 b3 0-1

[Event "Molde"]
[Site "Molde"]
[Date "2004.07.05"]
[Round "4"]
[White "Lund, Frode Ryan"]
[Black "Valla, Martin"]
[Result "0-1"]
[WhiteElo "1850"]
[BlackElo "1698"]
[PlyCount "78"]
[EventDate "2004.07.03"]
[EventType "swiss"]
[EventRounds "8"]
[EventCountry "NOR"]
[SourceTitle "EXT 2008"]
[Source "ChessBase"]
[SourceDate "2007.11.25"]
[SourceVersion "1"]
[SourceVersionDate "2007.11.25"]
[SourceQuality "1"]

1. d4 Nf6 2. Nf3 g6 3. c4 Bg7 4. Nc3 0-0 5. e4 d6 6. Be2 e5 7. 0-0 Nc6 8. d5 Ne7 9. Ne1 Nd7 10. Be3 f5 11. f3 f4 12. Bf2 g5 13. b4 h5 14. c5 Nf6 15. Rc1 g4 16. Nb5 g3 17. hxg3 fxg3 18. Bxg3 Bh6 19. Rc3 Ng6 20. cxd6 cxd6 21. Nc7 Rb8 22. Ne6 Bxe6 23. dxe6 h4 24. Bf2 Nh5 25. Bxa7 Ra8 26. Be3 Bxe3+ 27. Rxe3 Qb6 28. Qb3 Kh7 29. a3 Ngf4 30. Bc4 Qd8 31. Rf2 Qg5 32. Kh1 Qg3 33. Ra2 h3 34. Qb2 hxg2+ 35. Nxg2 Qh3+ 36. Kg1 Nxg2 37. Qxg2 Rg8 38. e7 Rxg2+ 39. Rxg2 Qh4 0-1

[Event "NOR-ch Junior"]
[Site "Fredrikstad"]
[Date "2003.07.05"]
[Round "1"]
[White "Valla, Martin"]
[Black "Kvisvik, Brede Alexander"]
[Result "0-1"]
[WhiteElo "1557"]
[BlackElo "1942"]
[PlyCount "112"]
[EventDate "2003.07.??"]
[EventType "swiss"]
[EventRounds "7"]
[EventCountry "NOR"]
[SourceTitle "CBM 095 Extra"]
[Source "ChessBase"]
[SourceDate "2003.09.04"]
[SourceVersion "1"]
[SourceVersionDate "2003.09.04"]
[SourceQuality "1"]

1. d4 d5 2. c4 c6 3. Nf3 Nf6 4. Nc3 e6 5. Bg5 Nbd7 6. e3 Qa5 7. cxd5 exd5 8. Bd3 Ne4 9. Qc2 Nxg5 10. Nxg5 h6 11. Nf3 Nf6 12. 0-0 Bd6 13. a3 Qd8 14. b4 a6 15. Na4 0-0 16. Nc5 b6 17. Nb3 Bd7 18. Rfc1 Re8 19. Qe2 Qb8 20. Qc2 Ne4 21. Nbd2 f5 22. Nf1 g6 23. Rab1 Ng5 24. N3d2 Qd8 25. a4 Kh7 26. f4 Ne4 27. Nf3 g5 28. Ne5 Rxe5 29. fxe5 Be7 30. Nd2 g4 31. Nxe4 fxe4 32. Bf1 Bg5 33. Qf2 Qe7 34. Kh1 Rf8 35. Qd2 Bh4 36. g3 Bg5 37. Be2 Qe8 38. Rf1 Rf3 39. Bxf3 gxf3 40. Rf2 h5 41. Rff1 h4 42. Rg1 Qf8 43. Qf2 Qh6 44. Rb3 Bh3 45. Rc3 Kh8 46. gxh4 Bxh4 47. Rxc6 Bg2+ 48. Rxg2 fxg2+ 49. Qxg2 Qxc6 50. Qh3 Qc1+ 51. Kg2 Qd2+ 52. Kh1 Qe1+ 53. Kg2 Qf2+ 54. Kh1 Qf3+ 55. Qxf3 exf3 56. Kg1 Kg7 0-1